| 000 | 00931nam a2200217 a 4500 | ||
|---|---|---|---|
| 001 | 000042036 | ||
| 005 | 20201002035911.0 | ||
| 008 | 131011s1993 sp a 000 0 spa d | ||
| 020 | _a8400072243 | ||
| 040 |
_aDO-SdBNP _bspa _cBNPHU |
||
| 100 | 1 |
_aAl-Husayn, Abù Alí _969013 |
|
| 245 | 1 | 0 |
_aRisâlat Al-Safiha al Yami a Li-Yami Al-Uud : _b(tratado sobre lámina general para todas las latitudes) / _cAbu Ali Al-Husayn, Ibn Baso; edición, crítica, traducción y estudio por Emilia Calvo Labarta. |
| 260 |
_aMadrid, : _bConsejo Superior de Investigaciones Científicas, _bInstituto de Cooperación con el mundo Árabe, _c1993. |
||
| 300 |
_a222, 191 p. ; _c24 cm. |
||
| 490 | 1 |
_aFuentes Arábico-Hispanas _v13 |
|
| 500 | _aIncluye notas a pie de páginas | ||
| 546 | _aTexto en Arabe y español | ||
| 700 | 1 |
_aBaso, Ibn _969014 |
|
| 700 | 1 |
_aCalvo Labarta, Emilia _etrad. _969015 |
|
| 830 | 0 |
_aFuentes Arábico-Hispanas _v13 _965581 |
|
| 999 |
_c41525 _d41525 |
||